000
00302nam a22001337a 4500
008
170130b xxu||||| |||| 00| 0 eng d
020
_a
9780838514566
041
_a
eng
080
_a
61
100
_a
3
101
_a
shm
245
_a
CURRENT SURGICAL DIAGNOSIS & TREATMENT
_c
WAY, L.W
942
_2
udc
_c
BK
999
_c
4015
_d
4015